000 00443nam a2200169Ia 4500
008 090711s9999 xx 000 0 und d
082 _b14497
100 _aकाळे श्रीपाद
245 _aअभोगी
260 _c1964
300 _a118
600 _aकाळे श्रीपाद
630 _aअभोगी
700 _aकाळे श्रीपाद
730 _aअभोगी
942 _cBOOK
999 _c295555
_d295555